Les Pokémon de la 5G - Statistiques

Statistiques générales
  • Ce quiz a été pris 169 fois
  • Le résultat moyen est 96 sur 156
Statistiques - réponses
Numéro Nom % Correct
503 Clamiral
95%
498 Gruikui
95%
500 Roitiflam
95%
494 Victini
95%
497 Majaspic
94%
501 Moustillon
91%
499 Grotichon
89%
643 Reshiram
89%
495 Vipélierre
89%
644 Zekrom
89%
496 Lianaja
88%
502 Mateloutre
85%
511 Feuillajou
83%
513 Flamajou
83%
515 Flotajou
83%
646 Kyurem
83%
519 Poichigeon
83%
514 Flamoutan
82%
521 Déflaisan
80%
512 Feuiloutan
80%
516 Flotoutan
80%
507 Ponchien
80%
506 Ponchiot
80%
645 Démétéros
79%
642 Fulguris
79%
508 Mastouffe
79%
639 Terrakium
79%
640 Viridium
79%
641 Boréas
77%
638 Cobaltium
77%
505 Miradar
77%
504 Ratentif
77%
553 Crocorible
76%
551 Mascaïman
76%
633 Solochi
76%
649 Genesect
74%
647 Keldeo
74%
542 Manternel
74%
635 Trioxhydre
74%
552 Escroco
73%
520 Colombeau
71%
634 Diamat
71%
587 Emolga
71%
522 Zébibron
71%
523 Zéblitz
71%
648 Meloetta
70%
518 Mushana
70%
579 Symbios
70%
610 Coupenotte
67%
541 Couverdure
67%
555 Darumacho
67%
577 Nucléos
67%
612 Tranchodon
67%
534 Bétochef
65%
554 Darumarond
65%
578 Méios
65%
530 Minotaupe
65%
517 Munna
65%
637 Pyrax
65%
529 Rototaupe
65%
560 Baggaïd
64%
545 Brutapode
64%
537 Crapustule
64%
510 Léopardus
64%
509 Chacripan
62%
532 Charpenti
62%
543 Venipatte
62%
559 Baggiguane
61%
526 Gigalithe
61%
540 Larveyette
61%
609 Lugulabre
61%
575 Mesmérella
61%
604 Ohmassacre
61%
533 Ouvrifier
61%
544 Scobolide
61%
576 Sidérella
61%
563 Tutankafer
61%
603 Lampéroie
59%
562 Tutafeh
59%
536 Batracné
58%
561 Cryptéro
58%
525 Géolithe
58%
611 Incisache
58%
581 Lakmécygne
58%
531 Nanméouïe
58%
524 Nodulithe
58%
582 Sorbébé
58%
584 Sorbouboul
58%
583 Sorboul
58%
599 Tic
58%
571 Zoroark
58%
602 Anchwatt
56%
600 Clic
56%
607 Funécire
56%
628 Gueriaigle
56%
538 Judokrak
56%
539 Karaclée
56%
574 Scrutella
56%
570 Zorua
56%
566 Arkéapti
55%
601 Cliticlic
55%
580 Couaneton
55%
621 Drakkarmin
55%
608 Mélancolux
55%
636 Pyronille
55%
535 Tritonde
55%
546 Doudouvet
53%
585 Vivaldaim
53%
567 Aéroptéryx
52%
547 Farfaduvet
52%
632 Fermite
52%
549 Fragilady
52%
626 Frison
52%
586 Haydaim
52%
615 Hexagel
52%
614 Polagriffe
52%
613 Polarhume
52%
564 Carapagos
50%
548 Chlorobule
50%
565 Mégapagos
50%
593 Moyade
50%
631 Aflamanoir
48%
550 Bargantua
48%
617 Limaspeed
48%
596 Mygavolt
48%
557 Crabicoque
47%
616 Escargaume
47%
627 Furaiglon
47%
624 Scalpion
47%
595 Statitik
47%
629 Vostourno
47%
588 Carabing
45%
569 Miasmax
45%
598 Noacier
45%
625 Scalproie
45%
527 Chovsourir
44%
558 Crabaraque
44%
589 Lançargot
44%
556 Maracachi
44%
573 Pashmilla
44%
528 Rhinolove
44%
630 Vaututrice
44%
592 Viskuse
44%
572 Chinchidou
42%
623 Golemastoc
42%
597 Grindur
42%
622 Gringolem
42%
605 Lewsor
42%
618 Limonde
41%
594 Mamanbo
39%
568 Miamiasme
39%
606 Neitram
39%
590 Trompignon
39%
591 Gaulet
38%
620 Shaofouine
33%
619 Kungfouine
32%
Aucun quiz correspondant
Distribution des résultats
% des personnes avec chaque résultat
Percentile par nombre de réponses
Votre historique - résultats
Vous n’avez pas pris ce quiz